Náklady a ceny v stavebníctve

Enregistré dans:
Détails bibliographiques
Auteur principal: Ellingerová, Helena, 1962- (Auteur)
Autres auteurs: Bollová, Gabriela, 1942- (Critique), Nagy, Juraj, 1958- (Critique)
Format: Livre
Langue:slovaque
Publié: Brno : Tribun EU, 2014
Édition:1.vyd.
Sujets:
Tags: Ajouter un tag
Pas de tags, Soyez le premier à ajouter un tag!

MARC

LEADER 00000nam a22000003a 4500
001 stu283865
005 20220317191531.3
008 140210s--------xr------------------slo-d
020 |a 978-80-263-0557-6 
040 |a STU  |b slo 
041 0 |a slo 
044 |a xr 
100 1 |a Ellingerová, Helena,  |d 1962-  |4 aut  |u V270  |9 100  |U SvF Stavebná fakulta  |T SvF Katedra technológie stavieb  |X 925  |U V270  |Y 28  |7 A000000925 
242 0 0 |a Costs and proces in building industry  |y eng 
245 1 |a Náklady a ceny v stavebníctve 
250 |a 1.vyd. 
260 |a Brno :  |b Tribun EU,  |c 2014 
300 |a 85 s. 
650 7 |a cost accouting  |2 estusub 
650 7 |a investment process  |2 estusub 
650 7 |a price  |2 estusub 
650 7 |a investičný proces  |2 stusub 
650 7 |a náklady a kalkulácie  |2 stusub 
650 7 |a cena  |2 stusub 
700 1 |a Bollová, Gabriela,  |d 1942-  |4 rev  |X 1003  |7 A000001003 
700 1 |a Nagy, Juraj,  |d 1958-  |4 rev  |u V300  |U SvF Stavebná fakulta  |T SvF Ústav súdneho znalectva  |X 731  |U V320|V300  |Y 35  |7 A000000731 
996 |b 284V037376  |c V*51946/O-23201a  |l VVS  |s A  |a 24  |w stu283865_0001 
996 |b 284V037375  |c V*51945/O-23201  |l VVT  |s A  |a 24  |w stu283865_0002